000 01114nam a2200205Ia 4500
999 _c38554
_d38554
001 4655
003 GE_BSU
005 20190516150927.0
008 181216s1985||||ge |||||||||||||| ||geo||
040 _cGE_BSU
041 _ageo
080 _a531(072) მ-50
245 _aმეთოდური მითითებები საკურსო სამუშაოების შესასრულებლად წერტილის რთულ და მყარი სხეულის ბრტყელ მოძრაობებში /
_cშემდგ : ქ.სარალიძე ; გ.ჩხატარაშვილი; რედ : ე.გიორგაძე.
264 _aთბილისი :
_bსპი,
_c1985.
300 _a91 გვ .;
_c20 სმ.
653 _aწერტილის რთული და მყარი სხეულის ბრტყელი მოძრაობები
700 _a.ჩხატარაშვილი, გ
_91228
700 _aგიორგაძე, ე
_eრედაქტორი
_9398
942 _cBK
_2udc